| 000 | 00963nam a22002177a 4500 | ||
|---|---|---|---|
| 999 |
_c10023 _d10023 |
||
| 003 | AR-CdUCM | ||
| 008 | 190329b ||||| |||| 00| 0 spa d | ||
| 040 |
_aMUNICIPALIDAD PROVINCIAL DEL CUSCO _cBIBLIOTECA MUNICIPAL DEL CUSCO |
||
| 082 |
_a321.1 / _bK82 / 1930 |
||
| 100 |
_aKrische, Pablo _926626 |
||
| 245 |
_aEl enigma del matriarcado : _bEstudio sobre la primitiva época de acción y valimiento de la mujer / |
||
| 260 |
_aMadrid : _bOccidente, _c1930. |
||
| 300 |
_a239 páginas ; _c22 cm. |
||
| 505 | _aContenido : Introducción -- La mujer como clase directora en los tiempos del matriarcado -- Periodo de transición posterior al matriarcado. Igualdad de derecho entre los sexos -- Significación de la época del matriarcado en la evolución de la humanidad ... | ||
| 650 |
_aMujer _958 |
||
| 650 |
_aMatriarcado _917103 |
||
| 650 |
_aCambios sociales _94340 |
||
| 700 |
_aDe la serna, Ramón _926627 |
||
| 942 |
_2ddc _cLIBROS |
||
| 945 | _arah | ||